Statistics for Classic Rock Songs by Lyrics!

Click here to take the quiz!

General Stats

  • This quiz has been taken 839 times
  • The average score is 7 of 11

Answer Stats

LyricsAnswer% Correct
Mama just killed a man, put a gun against his head pulled my trigger now hes deadBohemian Rhapsody
88%
Where the grass is green and the girls are prettyParadise City
83%
Shot through the heart and you're to blameYou Give Love a Bad Name
82%
We don't need no educationAnother Brick in the Wall
78%
Tommy used to work on the docks..Livin on a Prayer
76%
I've payed my dues, time after timeWe are the Champions
67%
She's got eyes of the bluest skiesSweet Child O' Mine
64%
Such a lovely placeHotel California
58%
I'm hot, sticky, sweet, from my head to my feetPour Some Sugar on Me
48%
Just like every night has its dawnEvery Rose has its Thorn
47%
Crazy, but that's how it goes. Millions of people living as foesCrazy Train
36%

Score Distribution

Percentile by Number Answered

Percent of People with Each Score

Your Score History

You have not taken this quiz